[Event "Bogota El Tablazo op-B"]
[Site "Bogota"]
[Date "2022.06.25"]
[Round "2.29"]
[White "Tascon, Diego Alejandro"]
[Black "Bareno Martinez, Raul Antonio"]
[Result "1-0"]
[WhiteElo "1061"]
[BlackElo "1603"]
[PlyCount "115"]
[EventDate "2022.06.24"]
[EventType "swiss"]
[EventRounds "7"]
[EventCountry "COL"]
[SourceTitle "EXT 2024"]
[Source "ChessBase"]
[SourceDate "2023.10.10"]
[SourceVersion "1"]
[SourceVersionDate "2023.10.10"]
[SourceQuality "1"]

1. e4 e5 2. Nf3 Nc6 3. Bb5 Nd4 4. Nxd4 exd4 5. c3 Qg5 6. Be2 Qxg2 7. Bf3 Qg6 8. cxd4 c5 9. d5 Bd6 10. Nc3 a6 11. d4 c4 12. e5 Bb4 13. Qe2 b5 14. d6 Rb8 15. Bf4 Nh6 16. Be4 Nf5 17. 0-0-0 Bxc3 18. bxc3 h6 19. Rdg1 Qh7 20. f3 g6 21. h4 Rg8 22. h5 g5 23. Bxg5 hxg5 24. Qc2 Qh6 25. Bxf5 Bb7 26. Bg4 Bd5 27. Qf5 Be6 28. Qe4 Rf8 29. d5 Bxg4 30. fxg4 Kd8 31. Rf1 Qh8 32. Rf6 Re8 33. Qf5 Kc8 34. Rxf7 Rb7 35. Re7 Rf8 36. Qxg5 b4 37. Qg7 b3 38. Qxh8 Rxh8 39. axb3 Rxb3 40. Kc2 Rf8 41. Rh2 Rf3 42. h6 Rbxc3+ 43. Kd1 Rb3 44. h7 Rbd3+ 45. Rd2 Rh3 46. Re8+ Kb7 47. h8Q Rxh8 48. Rxh8 Rg3 49. Rb2+ Ka7 50. Rhb8 Rg1+ 51. Kc2 Rg2+ 52. Kc3 Rg3+ 53. Kxc4 Rxg4+ 54. Kc5 a5 55. R2b7+ Ka6 56. Rxd7 Rc4+ 57. Kxc4 a4 58. Kc5 1-0

[Event "Soacha op-A"]
[Site "Soacha"]
[Date "2021.09.12"]
[Round "9"]
[White "Negron Lizarazo, Juan Sebastian"]
[Black "Tascon, Diego Alejandro"]
[Result "1-0"]
[WhiteElo "1488"]
[BlackElo "1067"]
[PlyCount "61"]
[EventDate "2021.09.08"]
[EventType "swiss"]
[EventRounds "10"]
[EventCountry "COL"]
[SourceTitle "CBM 204 Extra"]
[Source "ChessBase"]
[SourceDate "2021.11.30"]
[SourceVersion "1"]
[SourceVersionDate "2021.11.30"]
[SourceQuality "1"]

1. d4 Nf6 2. Nc3 g6 3. e4 d6 4. Bg5 Nbd7 5. Nf3 Bg7 6. Bc4 0-0 7. 0-0 c5 8. e5 cxd4 9. exf6 exf6 10. Bxf6 Nxf6 11. Nxd4 d5 12. Bb3 Be6 13. Re1 Re8 14. Qd2 Ne4 15. Nxe4 dxe4 16. Rxe4 Bxb3 17. Rxe8+ Qxe8 18. axb3 Rd8 19. c3 Qd7 20. Rxa7 Bxd4 21. cxd4 Qxd4 22. Qxd4 Rxd4 23. g3 Rb4 24. Ra3 Kg7 25. Kf1 Kf6 26. Ke2 Ke5 27. Ke3 f5 28. h4 f4+ 29. gxf4+ Rxf4 30. Ra5+ b5 31. Rxb5+ 1-0

[Event "Soacha op-A"]
[Site "Soacha"]
[Date "2021.09.10"]
[Round "6"]
[White "Cuesta Cifuentes, Jair Alfonso"]
[Black "Tascon, Diego Alejandro"]
[Result "1-0"]
[WhiteElo "1948"]
[BlackElo "1067"]
[PlyCount "55"]
[EventDate "2021.09.08"]
[EventType "swiss"]
[EventRounds "10"]
[EventCountry "COL"]
[SourceTitle "CBM 204 Extra"]
[Source "ChessBase"]
[SourceDate "2021.11.30"]
[SourceVersion "1"]
[SourceVersionDate "2021.11.30"]
[SourceQuality "1"]

1. d4 Nf6 2. c4 g6 3. Nc3 Bg7 4. e4 d6 5. h3 0-0 6. Nf3 e5 7. d5 Nbd7 8. Be3 a6 9. Be2 Nh5 10. g3 f5 11. exf5 gxf5 12. Ng5 Nb6 13. Bxh5 Nxc4 14. Ne6 Bxe6 15. dxe6 f4 16. Qd5 Nxe3 17. fxe3 Qe7 18. Bf7+ Kh8 19. 0-0-0 fxe3 20. h4 Bh6 21. Kb1 Rfd8 22. g4 c6 23. Qe4 Bf4 24. Ne2 d5 25. Qf5 d4 26. Nxf4 exf4 27. Qe5+ Qf6 28. Qxf6# 1-0

[Event "COL-ch U10"]
[Site "Bogota"]
[Date "2021.03.28"]
[Round "7"]
[White "Tascon, Diego Alejandro"]
[Black "Luna Monsalve, Sofia"]
[Result "1-0"]
[WhiteElo "1048"]
[BlackElo "1182"]
[PlyCount "151"]
[EventDate "2021.03.24"]
[EventType "swiss"]
[EventRounds "7"]
[EventCountry "COL"]
[SourceTitle "EXT 2022"]
[Source "ChessBase"]
[SourceDate "2021.10.06"]
[SourceVersion "1"]
[SourceVersionDate "2021.10.06"]
[SourceQuality "1"]

1. e4 e5 2. Nf3 Nc6 3. Bb5 a6 4. Ba4 Nf6 5. 0-0 b5 6. Bb3 Be7 7. Re1 0-0 8. c3 d6 9. h3 Na5 10. Bc2 c5 11. d4 Qc7 12. a4 Bd7 13. Bg5 h6 14. Bh4 Rac8 15. dxe5 dxe5 16. axb5 Bxb5 17. Nxe5 Rfd8 18. Qc1 Qxe5 19. Bg3 Qh5 20. Rxa5 Nd7 21. Na3 c4 22. Bd1 Qc5 23. Nxb5 axb5 24. Qe3 Qc6 25. Bf3 Bc5 26. Qe2 Qb6 27. Rea1 Nb8 28. b3 Rd3 29. b4 Be7 30. Be5 Nc6 31. Ra6 Qd8 32. Bg4 Rd2 33. Qe3 Rd3 34. Qf4 Bg5 35. Qh2 f6 36. Bg3 Nb8 37. Ra8 Rxc3 38. Rxb8 Rxb8 39. Bxb8 Qd2 40. g3 Rc1+ 41. Rxc1 Qxc1+ 42. Kg2 c3 43. Be6+ Kh8 44. Bf4 Bxf4 45. gxf4 Qd2 46. Bb3 Qb2 47. Bd1 Qxb4 48. f3 Qb2+ 49. Kg3 Qb4 50. Qc2 Kg8 51. Qb3+ Qxb3 52. Bxb3+ Kf8 53. Kf2 Ke7 54. Ke3 Kd6 55. Kd3 b4 56. Kc4 c2 57. Bxc2 b3 58. Bxb3 h5 59. Kd4 h4 60. e5+ fxe5+ 61. fxe5+ Ke7 62. Ke4 g5 63. Kf5 g4 64. fxg4 Kf8 65. Kf6 Ke8 66. e6 Kd8 67. e7+ Kc7 68. e8Q Kd6 69. Qe5+ Kc6 70. Qd5+ Kb6 71. Qc4 Kb7 72. Qc5 Ka8 73. Qb5 Ka7 74. Bc4 Ka8 75. Bd5+ Ka7 76. Qb7# 1-0

[Event "COL-ch U10"]
[Site "Bogota"]
[Date "2021.03.26"]
[Round "4"]
[White "Tascon, Diego Alejandro"]
[Black "Pardo Useche, Laura Valentina"]
[Result "1/2-1/2"]
[WhiteElo "1048"]
[BlackElo "1458"]
[PlyCount "111"]
[EventDate "2021.03.24"]
[EventType "swiss"]
[EventRounds "7"]
[EventCountry "COL"]
[SourceTitle "EXT 2022"]
[Source "ChessBase"]
[SourceDate "2021.10.06"]
[SourceVersion "1"]
[SourceVersionDate "2021.10.06"]
[SourceQuality "1"]

1. e4 c5 2. Nf3 d6 3. d4 cxd4 4. Nxd4 Nf6 5. f3 a6 6. c4 e6 7. Nc3 Nc6 8. Be3 Be7 9. Qd2 Bd7 10. Be2 Rb8 11. 0-0 0-0 12. Rfd1 Qc7 13. Bf1 Rfd8 14. Qf2 Kh8 15. Rac1 Ne5 16. b3 Bc6 17. Nc2 b5 18. cxb5 axb5 19. Nd4 b4 20. Ncb5 Qd7 21. Nxc6 Nxc6 22. Nd4 Nxd4 23. Bxd4 Rdc8 24. Rxc8+ Rxc8 25. Qe2 Kg8 26. e5 dxe5 27. Bxe5 Bc5+ 28. Kh1 Qe7 29. Qb2 h6 30. Bb5 Rd8 31. Rxd8+ Qxd8 32. Be2 Ne8 33. g3 f6 34. Bf4 e5 35. Bd2 Qd7 36. Bc4+ Kh8 37. Kg2 Qb7 38. Qc2 Ba7 39. Bd3 Nc7 40. Be4 Qb6 41. Be1 Qd6 42. Qd2 Qxd2+ 43. Bxd2 Bc5 44. h4 Nb5 45. h5 Nd4 46. g4 Kg8 47. f4 exf4 48. Bxf4 Kf7 49. Bd5+ Ke7 50. Be3 Nxb3 51. Bxh6 gxh6 52. axb3 Kf8 53. Kf3 Kg7 54. Ke4 Bf8 55. Kf5 Bc5 56. Ke4 1/2-1/2

[Event "COL-chD"]
[Site "Bogota"]
[Date "2019.08.31"]
[Round "6"]
[White "Tascon, Diego Alejandro"]
[Black "Molina Turriago, Marina"]
[Result "1-0"]
[WhiteElo "1051"]
[BlackElo "1360"]
[PlyCount "49"]
[EventDate "2019.08.28"]
[EventType "swiss"]
[EventRounds "7"]
[EventCountry "COL"]
[SourceTitle "EXT 2020"]
[Source "ChessBase"]
[SourceDate "2019.10.17"]
[SourceVersion "1"]
[SourceVersionDate "2019.10.17"]
[SourceQuality "1"]

1. e4 e5 2. Nf3 Nc6 3. Bc4 Nf6 4. d3 d5 5. Bb5 d4 6. Nxe5 Bd7 7. Nxc6 Bxc6 8. Bxc6+ bxc6 9. 0-0 Bb4 10. Bg5 Qd6 11. e5 Qxe5 12. f4 Qd6 13. c3 dxc3 14. Nxc3 Bc5+ 15. Kh1 0-0 16. Ne4 Nxe4 17. dxe4 Qg6 18. Qc2 Rfe8 19. Qxc5 Rxe4 20. Rae1 Ra4 21. Qe5 f6 22. Qe6+ Kf8 23. Qe7+ Kg8 24. Qe6+ Kh8 25. Qxc6 1-0

[Event "COL-chD"]
[Site "Bogota"]
[Date "2019.08.29"]
[Round "2"]
[White "Cardona, Jacobo"]
[Black "Tascon, Diego Alejandro"]
[Result "0-1"]
[WhiteElo "1445"]
[BlackElo "1051"]
[PlyCount "50"]
[EventDate "2019.08.28"]
[EventType "swiss"]
[EventRounds "7"]
[EventCountry "COL"]
[SourceTitle "EXT 2020"]
[Source "ChessBase"]
[SourceDate "2019.10.17"]
[SourceVersion "1"]
[SourceVersionDate "2019.10.17"]
[SourceQuality "1"]

1. e4 e5 2. f4 d5 3. exd5 e4 4. Nc3 Nf6 5. Bc4 Bc5 6. d4 exd3 7. Qxd3 0-0 8. Bd2 Ng4 9. Ne4 Bf5 10. 0-0-0 Nf2 11. Nxf2 Bxd3 12. Nxd3 Nd7 13. Nf3 a6 14. g4 b5 15. Bb3 a5 16. a3 a4 17. Ba2 Qf6 18. Bc3 Qd6 19. h4 Bxa3 20. Be5 Nxe5 21. fxe5 Qh6+ 22. g5 Qh5 23. Nh2 Be7 24. Nf1 Bxg5+ 25. Kb1 Qxd1+ 0-1

[Event "COL-ch sf3 U08"]
[Site "Choconta"]
[Date "2018.04.05"]
[Round "1.1"]
[White "Tascon, Diego Alejandro"]
[Black "Garay Tocora, Juliana"]
[Result "1-0"]
[WhiteElo "1394"]
[BlackElo "1255"]
[PlyCount "93"]
[EventDate "2018.04.05"]
[EventType "swiss"]
[EventRounds "6"]
[EventCountry "COL"]
[SourceTitle "EXT 2024"]
[Source "ChessBase"]
[SourceDate "2023.10.10"]
[SourceVersion "1"]
[SourceVersionDate "2023.10.10"]
[SourceQuality "1"]

1. e4 e5 2. Nf3 Nc6 3. Bc4 Bc5 4. Nc3 Nf6 5. d3 0-0 6. Be3 Bxe3 7. fxe3 Ng4 8. Qd2 Nb4 9. a3 Nxe3 10. axb4 Nxc4 11. dxc4 d6 12. 0-0-0 Qe8 13. Rdg1 Bd7 14. g4 Ba4 15. Nxa4 Qxa4 16. Qc3 Rad8 17. Qa3 Qxa3 18. bxa3 c6 19. h4 d5 20. Nxe5 dxc4 21. Nxc4 b5 22. Ne5 a5 23. Nxc6 Rd6 24. Nxa5 Rc8 25. g5 Rd7 26. h5 Rdc7 27. Rh2 Rd8 28. g6 fxg6 29. hxg6 hxg6 30. Rxg6 Rcd7 31. Kb2 Ra8 32. Re2 Rda7 33. e5 Kf7 34. Rb6 Rxa5 35. bxa5 Rxa5 36. e6+ Ke7 37. Rb7+ Ke8 38. e7 b4 39. Rb8+ Kd7 40. e8Q+ Kc7 41. Qd8+ Kc6 42. Qxa5 g6 43. Qb5+ Kc7 44. Re7+ Kd6 45. Qxb4+ Kc6 46. Re6+ Kd7 47. Qd6# 1-0